Sports Quiz

Random Sports or Basketball Quiz

Big East Basketball Tournament Champions Quiz Stats

 Plays Quiz not verified by Sporcle

Also try: 'C' Big 4 on a Map
Challenge
Share
Tweet
Embed
Score 0/30 Timer 10:00
0 Plays Today
Year School % Correct
1981Syracuse
89.4%
1980Georgetown
88.5%
1982Georgetown
87.2%
1984Georgetown
85.5%
1988Syracuse
85.1%
1985Georgetown
84.7%
1987Georgetown
82.1%
1989Georgetown
82.1%
1992Syracuse
80.9%
2006Syracuse
80.9%
1990Connecticut
79.6%
2002Connecticut
79.1%
1983St. Johns
78.3%
2005Syracuse
78.3%
1999Connecticut
77.4%
Year School % Correct
1996Connecticut
77%
1986St. Johns
76.6%
1998Connecticut
76.6%
2007Georgetown
76.6%
2008Pittsburgh
74.9%
2009Louisville
74.5%
2003Pittsburgh
72.8%
1995Villanova
68.1%
2000St. Johns
66.8%
1991Seton Hall
59.1%
1993Seton Hall
58.7%
1994Providence
54.5%
2001Boston College
51.9%
1997Boston College
50.2%
2004Connecticut
48.9%

You're not logged in!

Compare scores with friends on all Sporcle quizzes.
OR
Log In

You Might Also Like...

Show Comments

Extras

Top Quizzes Today


Score Distribution

Your Account Isn't Verified!

In order to create a playlist on Sporcle, you need to verify the email address you used during registration. Go to your Sporcle Settings to finish the process.

Report this User

Report this user for behavior that violates our Community Guidelines.

Details: